LEADER 00944nam a2200229 i 4500 001 000000068480 003 CaOOAMICUS 005 20100726000000.0 008 100726s1937 fr u000 u fre u 013 $a39652 040 $aSeMil$bita 100 1 $aTardivel, Fernande.$0(OLS)http://semarc/name/34142 245 13$aLa personnalité littéraire de Newman /$cFernande Tardivel. 260 $aParis :$bBeauchesne,$c1937. 300 $a444 p. ;$c22 cm. 490 0 $aBibliothèque des Archives de philosophie 600 14$aNewman, John Henry <1801-1890>.$0(OLS)http://semarc/subject/2835 830 0$aBibliothèque des Archives de philosophie.$0(OLS)http://semarc/title/26800 850 $aSeMil 852 $aSeMil$W1$xVenegono$y1$m2O III 88$j34633$B34633$CSeMilBibl$Z2$F34636 $81 996 $6245$aLa personnalité littéraire de Newman$9(OLS)http://semarc/title/109320 996 $6260$aParis :$bBeauchesne$9(OLS)http://semarc/publisher/29638